000
00322nam a2200133Ia 4500
100
_a
Kumbhojkar / G.V
650
_a
Engineering Mathematics
942
_c
BK
245
_a
Advanced Engineering mathematics- Electronics
260
_b
C.Jamnadas and Co.
_c
2008
082
_a
519/KUM
_b
KUM
546
_a
ENGLISH
999
_c
34537
_d
34537